[Event "XXXVII Weekend A"]
[Site "Torino ITA"]
[Date "2011.10.29"]
[Round "1"]
[White "Araniti, Michelangelo"]
[Black "Grinza, Andrea"]
[WhiteElo "1765"]
[BlackElo "2153"]
[Result "0-1"]
[PlyCount "84"]
[EventDate "2011.10.29"]

1. Nf3 Nf6 2. d4 g6 3. g3 Bg7 4. Bg2 c5 5. O-O cxd4 6. Nxd4 Nc6 7. c3 O-O 8. e4
d6 9. h3 Bd7 10. Kh2 Nxd4 11. cxd4 Rc8 12. Nc3 Rc4 13. Be3 Qb6 14. Qd2 Rfc8 15.
Rfc1 Qa5 16. a3 Qh5 17. f3 Bxh3 18. Bxh3 Qxf3 19. Bxc8 Rxc8 20. Qe2 Ng4+ 21.
Kh3 Qxe3 22. Qxe3 Nxe3 23. Ne2 Nc2 24. Rab1 Rc6 25. Rd1 g5 26. Rd3 h5 27. Rbd1
g4+ 28. Kg2 Bh6 29. Kf2 Kg7 30. Nf4 e5 31. dxe5 dxe5 32. Nd5 Nd4 33. Nc3 Rf6+
34. Kg2 h4 35. gxh4 Rf4 36. Rf1 Nf3 37. Kg3 Rf6 38. Nd5 Bf4+ 39. Nxf4 exf4+ 40.
Kf2 Nxh4 41. Rh1 g3+ 42. Kg1 f3 0-1

[Event "XXXVII Weekend A"]
[Site "Torino ITA"]
[Date "2011.10.29"]
[Round "1"]
[White "Cortese, Alessandro"]
[Black "Christen, Peter Walter"]
[WhiteElo "2003"]
[BlackElo "1609"]
[Result "1-0"]
[PlyCount "69"]
[EventDate "2011.10.29"]

1. d4 e6 2. c4 d5 3. Nc3 Nf6 4. cxd5 exd5 5. Bg5 c6 6. Qc2 h6 7. Bh4 Be7 8. Nf3
O-O 9. e3 Re8 10. Bd3 Be6 11. O-O Nbd7 12. Rab1 Qc7 13. b4 Rac8 14. Rfc1 Bd6
15. Qb2 Qb8 16. Na4 g5 17. Bg3 Bxg3 18. hxg3 Bg4 19. b5 cxb5 20. Bxb5 Bf5 21.
Rxc8 Rxc8 22. Rc1 a6 23. Bf1 b5 24. Nc5 Nxc5 25. dxc5 Nd7 26. c6 Nf8 27. Qf6
Bg6 28. Nd4 Qc7 29. Be2 Rd8 30. Rc5 Rd6 31. Qf3 Be4 32. Qh5 Kg7 33. Bg4 Ne6 34.
Bxe6 fxe6 35. Qe8 1-0

[Event "XXXVII Weekend A"]
[Site "Torino ITA"]
[Date "2011.10.29"]
[Round "1"]
[White "Fassio, Luca"]
[Black "Blundo, Michele"]
[WhiteElo "2101"]
[BlackElo "1712"]
[Result "1-0"]
[PlyCount "83"]
[EventDate "2011.10.29"]

1. e4 c5 2. c3 e5 3. Nf3 d6 4. d4 cxd4 5. cxd4 Nf6 6. Nc3 Nc6 7. dxe5 dxe5 8.
Qxd8+ Kxd8 9. Bc4 Be6 10. Bxe6 fxe6 11. Ng5 Ke7 12. Be3 Nd4 13. O-O-O Rd8 14.
f4 Ng4 15. Bg1 h6 16. Nf3 Nxf3 17. gxf3 Nf6 18. fxe5 Rxd1+ 19. Kxd1 Nd7 20.
Bxa7 Nxe5 21. Ke2 g5 22. Bd4 Bg7 23. h4 Rd8 24. Bxe5 Bxe5 25. hxg5 hxg5 26.
Rh7+ Ke8 27. Rxb7 Bf4 28. Kf2 Rd2+ 29. Ne2 Rc2 30. Ke1 Be5 31. Kd1 Rxb2 32.
Rxb2 Bxb2 33. Kc2 Be5 34. Kd3 Kd7 35. Kc4 Kd6 36. Kb5 Kc7 37. Nc1 Bd4 38. Nd3
Kd6 39. a4 Ba7 40. a5 e5 41. Nb4 Bd4 42. Nc6 1-0

[Event "XXXVII Weekend A"]
[Site "Torino ITA"]
[Date "2011.10.29"]
[Round "1"]
[White "Ferraro, Federico"]
[Black "Cacinschi, Alexandru"]
[WhiteElo "1567"]
[BlackElo "1989"]
[Result "0-1"]
[PlyCount "84"]
[EventDate "2011.10.29"]

1. e4 g6 2. d4 c6 3. Nf3 d5 4. exd5 cxd5 5. Bd3 Bg4 6. Bf4 Nc6 7. c3 Bg7 8.
Nbd2 Nf6 9. h3 Bxf3 10. Nxf3 Qb6 11. Qe2 O-O 12. O-O Rfe8 13. Rab1 a6 14. Rfe1
Qa5 15. b4 Qd8 16. Qe3 b5 17. Bh6 Bh8 18. Bg5 Qb6 19. Ne5 Qb7 20. Bh6 Nd7 21.
Nxf7 e5 22. Nd6 Qc7 23. Nxe8 Rxe8 24. Qg3 Re6 25. h4 Nf6 26. f4 e4 27. Be2 Ne7
28. Bg4 Nxg4 29. Qxg4 Nf5 30. Bg5 Qxc3 31. Kh1 h5 32. Qh3 Qxh3+ 33. gxh3 Bxd4
34. Kg2 Bc3 35. Rec1 d4 36. Rb3 e3 37. Rbxc3 dxc3 38. Kf1 e2+ 39. Ke1 Re3 40.
Kf2 c2 41. Bf6 e1=Q+ 42. Rxe1 Rxe1 0-1

[Event "XXXVII Weekend A"]
[Site "Torino ITA"]
[Date "2011.10.29"]
[Round "1"]
[White "Gallucci, Alessio"]
[Black "Matta, Francesca"]
[WhiteElo "2227"]
[BlackElo "1887"]
[Result "1-0"]
[PlyCount "77"]
[EventDate "2011.10.29"]

1. e4 c5 2. Nf3 e6 3. d3 Nc6 4. Be2 d6 5. O-O Nf6 6. c3 Be7 7. Nbd2 O-O 8. Re1
Qc7 9. Nf1 a6 10. Ng3 b5 11. Bg5 Bb7 12. d4 cxd4 13. cxd4 h6 14. Be3 Rac8 15.
a4 b4 16. Rc1 Qd7 17. Bd3 Na5 18. Bb1 Rxc1 19. Bxc1 Rc8 20. h3 Bf8 21. Qd3 g6
22. e5 dxe5 23. Nxe5 Qd5 24. f3 Bg7 25. Nxf7 Kxf7 26. Bxh6 Bxh6 27. Qxg6+ Ke7
28. Nf5+ Kd7 29. Qf7+ Kc6 30. Rxe6+ Qxe6 31. Qxe6+ Kc7 32. Qe5+ Kb6 33. Qxf6+
Rc6 34. Qd8+ Ka7 35. Nxh6 Rc1+ 36. Kh2 Nc6 37. Qc7 Rxb1 38. d5 Nb8 39. Qc2 1-0

[Event "XXXVII Weekend A"]
[Site "Torino ITA"]
[Date "2011.10.29"]
[Round "1"]
[White "Macheda, Andrea"]
[Black "Buffa Sabarino, Pietro"]
[WhiteElo "1915"]
[BlackElo "1539"]
[Result "1-0"]
[PlyCount "65"]
[EventDate "2011.10.29"]

1. d4 Nf6 2. c4 c5 3. d5 e6 4. Nc3 exd5 5. cxd5 g6 6. e4 Bg7 7. Nf3 d6 8. h3
Nbd7 9. Bd3 O-O 10. O-O Re8 11. Bf4 Qb6 12. Qc2 Nh5 13. Bh2 Ne5 14. Nd2 Bd7 15.
Rab1 Rac8 16. Kh1 a6 17. f4 Nxd3 18. Qxd3 Bb5 19. Nxb5 Qxb5 20. Nc4 Re7 21.
Rbd1 Rd8 22. e5 dxe5 23. fxe5 Red7 24. d6 Bh6 25. a4 Qb4 26. a5 Re8 27. Qd5 Rf8
28. e6 fxe6 29. Qxe6+ Rff7 30. Rxf7 Rxf7 31. Rf1 Nf4 32. Bxf4 Bxf4 33. Rxf4 1-0

[Event "XXXVII Weekend A"]
[Site "Torino ITA"]
[Date "2011.10.29"]
[Round "1"]
[White "Tondo, Stefano"]
[Black "Brugnoli, Flavio"]
[WhiteElo "1502"]
[BlackElo "1890"]
[Result "0-1"]
[PlyCount "44"]
[EventDate "2011.10.29"]

1. e4 g6 2. d4 Bg7 3. Nf3 d6 4. Bc4 e6 5. Bg5 Ne7 6. Nc3 Nd7 7. Qd2 h6 8. Be3
a6 9. a3 b5 10. Ba2 Bb7 11. O-O-O Nf6 12. d5 e5 13. h3 Qd7 14. g4 a5 15. Bb1 b4
16. axb4 axb4 17. Na2 Ra4 18. b3 Nxe4 19. Qd3 Rxa2 20. Bxa2 Nc3 21. Qc4 Nexd5
22. Rxd5 Bxd5 0-1

[Event "XXXVII Weekend A"]
[Site "Torino ITA"]
[Date "2011.10.29"]
[Round "1"]
[White "Zanatta, Aldo"]
[Black "Davi, Alessandro"]
[WhiteElo "1646"]
[BlackElo "2057"]
[Result "0-1"]
[PlyCount "70"]
[EventDate "2011.10.29"]

1. d4 d5 2. Nf3 Nf6 3. c4 c6 4. cxd5 cxd5 5. Nc3 e6 6. Bg5 h6 7. Bh4 Nbd7 8. e3
Be7 9. Bd3 O-O 10. O-O a6 11. a4 b6 12. Rc1 Bb7 13. Bxf6 Bxf6 14. Ne2 Rc8 15.
Ng3 e5 16. Nxe5 Nxe5 17. dxe5 Bxe5 18. Qe2 Rxc1 19. Rxc1 Qa8 20. Nf5 g6 21.
Nxh6+ Kg7 22. Ng4 Bd6 23. Qf3 f5 24. Qh3 Rh8 25. Qf3 d4 26. Qe2 fxg4 27. Qxg4
Qe8 28. e4 Bxh2+ 29. Kf1 Bd6 30. Ke2 Bc8 31. Qg5 Rh5 32. Qd2 Qf8 33. Qc2 Bg4+
34. f3 Bxf3+ 35. Ke1 Bb4+ 0-1

[Event "XXXVII Weekend A"]
[Site "Torino ITA"]
[Date "2011.10.30"]
[Round "2"]
[White "Blundo, Michele"]
[Black "Ferraro, Federico"]
[WhiteElo "1712"]
[BlackElo "1567"]
[Result "1/2-1/2"]
[PlyCount "69"]
[EventDate "2011.10.29"]

1. d4 Nf6 2. c4 e6 3. Nc3 d5 4. cxd5 exd5 5. Bg5 c6 6. Nf3 Bd6 7. e3 Bg4 8. Be2
Nbd7 9. h3 Bxf3 10. Bxf3 h6 11. Bh4 Qc7 12. Bxf6 Nxf6 13. Rc1 Bb4 14. Qc2 Bxc3+
15. bxc3 O-O 16. O-O Nd7 17. c4 dxc4 18. Qxc4 Nb6 19. Qb3 Qd6 20. Rfd1 Rfd8 21.
a4 Rab8 22. e4 Qf6 23. d5 cxd5 24. exd5 Qd6 25. Rd3 Re8 26. Rdc3 Re7 27. a5 Nd7
28. Qb1 Nf8 29. g3 Rbe8 30. Kg2 a6 31. Qc2 Rd8 32. Rc8 Ree8 33. Rxd8 Rxd8 34.
Qf5 Nd7 35. Qc2 1/2-1/2

[Event "XXXVII Weekend A"]
[Site "Torino ITA"]
[Date "2011.10.30"]
[Round "2"]
[White "Brugnoli, Flavio"]
[Black "Fassio, Luca"]
[WhiteElo "1890"]
[BlackElo "2101"]
[Result "1/2-1/2"]
[PlyCount "145"]
[EventDate "2011.10.29"]

1. e4 g6 2. d4 Bg7 3. Nc3 d6 4. f4 c6 5. Nf3 Bg4 6. Be3 Nf6 7. h3 Bxf3 8. Qxf3
e6 9. O-O-O d5 10. e5 Nfd7 11. g4 Na6 12. f5 c5 13. fxe6 fxe6 14. Nb5 Bf8 15.
Kb1 c4 16. b3 Qa5 17. a4 Nb4 18. Bd2 a6 19. Nd6+ Bxd6 20. exd6 Qb6 21. Qc3 Nc6
22. Bxc4 dxc4 23. d5 O-O-O 24. dxc6 Qxc6 25. Bg5 Rde8 26. Qxc4 Qxc4 27. bxc4
Rhf8 28. Rhf1 Rxf1 29. Rxf1 Rf8 30. Re1 e5 31. Re3 b6 32. a5 bxa5 33. Ra3 Kb7
34. Rxa5 Rf3 35. c5 Rxh3 36. c6+ Kxc6 37. Rxa6+ Kd5 38. Be7 h5 39. Ra7 Ke6 40.
gxh5 gxh5 41. Ra4 Rf3 42. Rh4 Rf5 43. Kc1 Nb6 44. c4 Nc8 45. d7 Kxd7 46. Ba3
Na7 47. Kd2 Nc6 48. Ke3 Nd4 49. Bb2 Nc6 50. Ke4 Ke6 51. Bc3 Ne7 52. Bd2 Ng8 53.
Bc3 Nf6+ 54. Ke3 Rg5 55. Rh3 Rg4 56. Kd3 Kf5 57. c5 Ke6 58. c6 Nd5 59. Bxe5
Kxe5 60. Rxh5+ Kd6 61. Rh6+ Kc7 62. Ke2 Rg7 63. Kf3 Ne7 64. Ke4 Nxc6 65. Kf5
Re7 66. Rh4 Kd6 67. Rh6+ Kd5 68. Kf6 Re4 69. Rh5+ Ne5 70. Rf5 Kd6 71. Rf1 Nd7+
72. Kf5 Rd4 73. Ra1 1/2-1/2

[Event "XXXVII Weekend A"]
[Site "Torino ITA"]
[Date "2011.10.30"]
[Round "2"]
[White "Buffa Sabarino, Pietro"]
[Black "Zanatta, Aldo"]
[WhiteElo "1539"]
[BlackElo "1646"]
[Result "0-1"]
[PlyCount "66"]
[EventDate "2011.10.29"]

1. e4 e6 2. d4 d5 3. e5 c5 4. c3 Nc6 5. Nf3 Qb6 6. a3 cxd4 7. cxd4 Nge7 8. Bd3
Bd7 9. b4 Nxd4 10. Be3 Nxf3+ 11. Qxf3 Qc7 12. O-O Nf5 13. Bxf5 exf5 14. Bf4 Be6
15. Rd1 Be7 16. Nc3 Rd8 17. Nxd5 Bxd5 18. Rxd5 Rxd5 19. Qxd5 O-O 20. Rc1 Qd8
21. Qxd8 Rxd8 22. g3 g5 23. Be3 f4 24. gxf4 gxf4 25. Bxf4 Rd4 26. Bg3 Rd7 27.
Rc4 h5 28. a4 a6 29. b5 axb5 30. axb5 b6 31. Rc6 h4 32. Bf4 h3 33. Rxb6 Rd1#
0-1

[Event "XXXVII Weekend A"]
[Site "Torino ITA"]
[Date "2011.10.30"]
[Round "2"]
[White "Cacinschi, Alexandru"]
[Black "Gallucci, Alessio"]
[WhiteElo "1989"]
[BlackElo "2227"]
[Result "0-1"]
[PlyCount "70"]
[EventDate "2011.10.29"]

1. c4 Nf6 2. Nf3 c5 3. Nc3 Nc6 4. g3 g6 5. Bg2 Bg7 6. d4 O-O 7. O-O d6 8. dxc5
dxc5 9. Be3 Qa5 10. h3 Be6 11. Nd2 Nd7 12. Nb3 Qb4 13. Bd5 Bxh3 14. Re1 Rad8
15. a3 Qb6 16. Na4 Qc7 17. Qc1 b6 18. Nc3 Nf6 19. Bh1 Nd4 20. Bxd4 cxd4 21. Nb5
Qb8 22. N5xd4 Bd7 23. Qe3 Ng4 24. Qe4 h5 25. Bf3 Ne5 26. Rac1 Nxf3+ 27. Qxf3
Ba4 28. Red1 e5 29. Nc6 Rxd1+ 30. Rxd1 Qb7 31. Rd6 Rc8 32. Nxe5 Qxf3 33. Nxf3
Bxb3 34. Rd7 Bxc4 35. Rxa7 Bxb2 0-1

[Event "XXXVII Weekend A"]
[Site "Torino ITA"]
[Date "2011.10.30"]
[Round "2"]
[White "Christen, Peter Walter"]
[Black "Araniti, Michelangelo"]
[WhiteElo "1609"]
[BlackElo "1765"]
[Result "0-1"]
[PlyCount "34"]
[EventDate "2011.10.29"]

1. e4 e6 2. d4 d5 3. Nc3 Nf6 4. e5 Nfd7 5. Nf3 a6 6. Bd3 c5 7. Be3 Nc6 8. O-O
Qc7 9. dxc5 Nxc5 10. Bxc5 Bxc5 11. Re1 b5 12. a3 Bb7 13. b4 Ba7 14. Rc1 Nxe5
15. Nxe5 Qxc3 16. Nxf7 Kxf7 17. Qf3+ Qf6 0-1

[Event "XXXVII Weekend A"]
[Site "Torino ITA"]
[Date "2011.10.30"]
[Round "2"]
[White "Davi, Alessandro"]
[Black "Gaidano, Domenico"]
[WhiteElo "2057"]
[BlackElo "1491"]
[Result "1-0"]
[PlyCount "75"]
[EventDate "2011.10.29"]

1. d4 Nf6 2. Nf3 d5 3. c4 c6 4. Nc3 Bf5 5. e3 e6 6. Bd3 Bxd3 7. Qxd3 h6 8. O-O
Be7 9. b3 O-O 10. Bb2 Nbd7 11. Rfe1 Nb6 12. Rad1 Qc7 13. e4 dxe4 14. Nxe4 Nbd7
15. Ng3 Bd6 16. Ne5 Rad8 17. Nxd7 Qxd7 18. d5 Be7 19. Qf3 Qc7 20. Be5 Qa5 21.
d6 Bxd6 22. Bxf6 gxf6 23. Qxf6 Qg5 24. Qc3 a5 25. Rxd6 Rxd6 26. Ne4 Qe7 27.
Qg3+ Kh7 28. Qxd6 Qxd6 29. Nxd6 Rd8 30. Nxb7 Rd2 31. a4 Kg6 32. Nxa5 c5 33. g3
Kf5 34. h3 Rb2 35. Kg2 h5 36. h4 Kg6 37. Re5 Rd2 38. Nb7 1-0

[Event "XXXVII Weekend A"]
[Site "Torino ITA"]
[Date "2011.10.30"]
[Round "2"]
[White "Grinza, Andrea"]
[Black "Cortese, Alessandro"]
[WhiteElo "2153"]
[BlackElo "2003"]
[Result "1-0"]
[PlyCount "79"]
[EventDate "2011.10.29"]

1. d4 Nf6 2. c4 c5 3. d5 b5 4. cxb5 a6 5. bxa6 Bxa6 6. Nc3 d6 7. g3 g6 8. Bg2
Bg7 9. Nf3 Nbd7 10. Rb1 O-O 11. O-O Qa5 12. Bd2 Rfb8 13. Qc2 Ng4 14. b3 Nge5
15. Ne1 Nf6 16. a4 Qc7 17. h3 Qa7 18. Kh2 Ne8 19. f4 Nd7 20. Nf3 Nc7 21. Rfd1
Nf6 22. e4 Bc8 23. Be1 Bd7 24. Nd2 Na6 25. Nc4 Nb4 26. Qe2 Ne8 27. e5 Qa6 28.
e6 fxe6 29. dxe6 Bc6 30. f5 Nf6 31. fxg6 hxg6 32. Ne4 Bxe4 33. Bxe4 d5 34. Bxg6
dxc4 35. Bf7+ Kf8 36. Bc3 cxb3 37. Qf2 Nd3 38. Qf5 Nb4 39. Bxf6 exf6 40. Qxc5+
1-0

[Event "XXXVII Weekend A"]
[Site "Torino ITA"]
[Date "2011.10.30"]
[Round "2"]
[White "Matta, Francesca"]
[Black "Macheda, Andrea"]
[WhiteElo "1887"]
[BlackElo "1915"]
[Result "0-1"]
[PlyCount "86"]
[EventDate "2011.10.29"]

1. d4 Nf6 2. c4 c5 3. d5 b5 4. Nd2 bxc4 5. e4 Qa5 6. Qc2 Na6 7. a3 Nb4 8. axb4
Qxa1 9. bxc5 Ba6 10. Bxc4 Bxc4 11. Qxc4 Rc8 12. Ne2 e6 13. b4 exd5 14. exd5 Qe5
15. Qa6 Qb8 16. Nc3 Be7 17. O-O O-O 18. Ba3 Bd6 19. Nf3 Rfe8 20. Nb5 Bf8 21.
Rd1 Qf4 22. Nxa7 Rb8 23. Qd3 Rb7 24. Nb5 Ra8 25. c6 dxc6 26. dxc6 Rxb5 27. Qxb5
Rxa3 28. Qb7 Qxb4 29. Rb1 Qc5 30. Ne5 Qxe5 31. c7 Ra1 32. Rf1 Rxf1+ 33. Kxf1
Ne4 34. Qxe4 Qxe4 35. c8=Q Qd3+ 36. Ke1 g6 37. Qe8 Qc3+ 38. Ke2 Kg7 39. Qe4 Bd6
40. f4 Qb4 41. Qd5 Qxf4 42. Qc6 Qxh2 43. Qc3+ Qe5+ 0-1

[Event "XXXVII Weekend A"]
[Site "Torino ITA"]
[Date "2011.10.30"]
[Round "3"]
[White "Araniti, Michelangelo"]
[Black "Brugnoli, Flavio"]
[WhiteElo "1765"]
[BlackElo "1890"]
[Result "0-1"]
[PlyCount "88"]
[EventDate "2011.10.29"]

1. Nf3 g6 2. e4 Bg7 3. d4 d6 4. h3 Nf6 5. Bd3 O-O 6. Be3 Nc6 7. c3 Re8 8. Nbd2
e5 9. Qc2 exd4 10. Nxd4 Ne5 11. O-O-O Qe7 12. Bg5 h6 13. Bxf6 Qxf6 14. f3 Bd7
15. Kb1 c5 16. Ne2 b5 17. Nc1 a5 18. Rhf1 b4 19. c4 a4 20. f4 Nc6 21. e5 dxe5
22. fxe5 Qxe5 23. Rde1 Qh5 24. Qd1 Qxd1 25. Rxd1 a3 26. b3 f5 27. Nf3 Re3 28.
Bc2 Nd4 29. Nd3 Nxf3 30. gxf3 Bd4 31. Nxc5 Bxc5 32. Rxd7 Rae8 33. Bd1 Rc3 34.
h4 Be3 35. Bc2 Bf4 36. Rd3 Re3 37. Rxc3 Rxc3 38. h5 Kf7 39. hxg6+ Kxg6 40. Rg1+
Kf6 41. Rf1 h5 42. Rh1 Rxf3 43. Bd1 Rf2 44. Bc2 h4 0-1

[Event "XXXVII Weekend A"]
[Site "Torino ITA"]
[Date "2011.10.30"]
[Round "3"]
[White "Fassio, Luca"]
[Black "Cortese, Alessandro"]
[WhiteElo "2101"]
[BlackElo "2003"]
[Result "0-1"]
[PlyCount "140"]
[EventDate "2011.10.29"]

1. e4 e6 2. d4 d5 3. Nd2 c5 4. exd5 exd5 5. Ngf3 Nc6 6. dxc5 Bxc5 7. Nb3 Bd6 8.
Be2 Nge7 9. O-O O-O 10. Nbd4 Bg4 11. c3 a6 12. h3 Bh5 13. Be3 Na5 14. g4 Bg6
15. Nh4 Nc4 16. Bc1 Qc7 17. Nxg6 hxg6 18. Bf3 Rad8 19. Bg2 Nc6 20. b3 Nb6 21.
Bd2 Qd7 22. a4 Bb8 23. f4 Ba7 24. Kh1 Nc8 25. Be3 N8e7 26. Qd3 Bb8 27. Rad1
Rfe8 28. Nc2 Qc7 29. b4 g5 30. b5 axb5 31. Qxb5 Na5 32. Qc5 Nac6 33. Qb6 Qd7
34. fxg5 Ne5 35. Bf4 Qxa4 36. Nb4 Ba7 37. Qc7 Bb8 38. Qxb7 Rd7 39. Qa6 Qb3 40.
Qa2 Qxc3 41. Nxd5 Nxd5 42. Bxd5 Rf8 43. Bxe5 Bxe5 44. g6 Qxh3+ 45. Kg1 Qxg4+
46. Qg2 Bd4+ 47. Kh1 Qh4+ 48. Qh2 Qxh2+ 49. Kxh2 Rxd5 50. gxf7+ Rxf7 51. Rfe1
Rf2+ 52. Kg3 Rf6 53. Kg4 Rfd6 54. Re8+ Kf7 55. Re4 Bf6 56. Rf1 Rd4 57. Kf3 R6d5
58. Ke3 Rxe4+ 59. Kxe4 Re5+ 60. Kf4 Kg6 61. Kg4 Rg5+ 62. Kh3 Be5 63. Kh4 Bf6
64. Kh3 Kh5 65. Rf3 Be5 66. Re3 Rg3+ 67. Rxg3 Bxg3 68. Kxg3 Kg5 69. Kf3 Kh4 70.
Kg2 Kg4 0-1

[Event "XXXVII Weekend A"]
[Site "Torino ITA"]
[Date "2011.10.30"]
[Round "3"]
[White "Ferraro, Federico"]
[Black "Buffa Sabarino, Pietro"]
[WhiteElo "1567"]
[BlackElo "1539"]
[Result "1/2-1/2"]
[PlyCount "79"]
[EventDate "2011.10.29"]

1. e4 e6 2. d4 d5 3. exd5 exd5 4. c4 Nf6 5. Nc3 Nc6 6. cxd5 Nxd5 7. Bc4 Be6 8.
Bxd5 Bxd5 9. Nxd5 Qxd5 10. Nf3 Bb4+ 11. Bd2 Qe4+ 12. Qe2 Bxd2+ 13. Kxd2 Qxe2+
14. Kxe2 O-O-O 15. Rhd1 Rhe8+ 16. Kf1 Re4 17. d5 Nb4 18. Ng5 Rf4 19. g3 Rf5 20.
f4 Nxd5 21. Kf2 f6 22. Ne6 Rd7 23. g4 Rxf4+ 24. Nxf4 Nxf4 25. Rxd7 Kxd7 26.
Rd1+ Ke7 27. Kf3 Ng6 28. Rd4 Ne5+ 29. Kg3 a5 30. h4 h6 31. Re4 g5 32. h5 b6 33.
Kf2 Kd6 34. Ke3 Kc5 35. b3 c6 36. a3 Kd6 37. b4 axb4 38. axb4 b5 39. Kf2 Kd5
40. Ke3 1/2-1/2

[Event "XXXVII Weekend A"]
[Site "Torino ITA"]
[Date "2011.10.30"]
[Round "3"]
[White "Gaidano, Domenico"]
[Black "Cacinschi, Alexandru"]
[WhiteElo "1491"]
[BlackElo "1989"]
[Result "0-1"]
[PlyCount "68"]
[EventDate "2011.10.29"]

1. e4 g6 2. d4 c6 3. Nf3 d5 4. e5 Bg4 5. Be2 e6 6. O-O Bg7 7. c3 Nd7 8. h3 Bxf3
9. Bxf3 Qb6 10. Re1 Ne7 11. Nd2 O-O 12. Nf1 c5 13. Qb3 Nc6 14. Be3 Qc7 15. Be2
c4 16. Qc2 b5 17. b4 a5 18. a3 Ra6 19. Ra2 Rfa8 20. Rea1 Qa7 21. Qb2 axb4 22.
cxb4 Bf8 23. Nh2 Nxb4 24. axb4 Rxa2 25. Rxa2 Qxa2 26. Qxa2 Rxa2 27. Bf3 Ra1+
28. Nf1 c3 29. g3 c2 30. Kg2 c1=Q 31. Bxc1 Rxc1 32. Nd2 Bxb4 33. Nb3 Rc3 34.
Nd2 Ba5 0-1

[Event "XXXVII Weekend A"]
[Site "Torino ITA"]
[Date "2011.10.30"]
[Round "3"]
[White "Gallucci, Alessio"]
[Black "Davi, Alessandro"]
[WhiteElo "2227"]
[BlackElo "2057"]
[Result "1/2-1/2"]
[PlyCount "63"]
[EventDate "2011.10.29"]

1. c4 e5 2. Nc3 Nc6 3. e3 Bb4 4. Nge2 Nf6 5. a3 Bxc3 6. Nxc3 O-O 7. Be2 d6 8.
O-O Ne7 9. d4 Ng6 10. f4 e4 11. b4 d5 12. c5 c6 13. Bd2 Ne8 14. b5 f5 15. a4
Nc7 16. Na2 Ne6 17. Nb4 Bd7 18. a5 Ne7 19. a6 b6 20. cxb6 Qxb6 21. bxc6 Bxc6
22. Rb1 Qd8 23. Nxc6 Nxc6 24. Qa4 Rc8 25. Rb7 Qf6 26. Qb5 Ncxd4 27. exd4 Qxd4+
28. Rf2 Qxd2 29. Qd7 e3 30. Qxe6+ Kh8 31. Rf1 Qxe2 32. Qxd5 1/2-1/2

[Event "XXXVII Weekend A"]
[Site "Torino ITA"]
[Date "2011.10.30"]
[Round "3"]
[White "Macheda, Andrea"]
[Black "Grinza, Andrea"]
[WhiteElo "1915"]
[BlackElo "2153"]
[Result "0-1"]
[PlyCount "60"]
[EventDate "2011.10.29"]

1. d4 Nf6 2. c4 g6 3. Nc3 d5 4. cxd5 Nxd5 5. e4 Nxc3 6. bxc3 Bg7 7. Bc4 O-O 8.
Ne2 b6 9. O-O Nc6 10. Be3 Bb7 11. Qc2 Qd6 12. Rad1 Rad8 13. f4 Na5 14. Bd3 c5
15. e5 Qc6 16. Ng3 cxd4 17. Bxd4 e6 18. f5 exf5 19. Bxf5 Nc4 20. Be4 Qc7 21.
Bxb7 Qxb7 22. Qe2 Qc6 23. Rf6 Bxf6 24. exf6 Rfe8 25. Qg4 Ne3 26. Qh3 h5 27. Re1
Rxd4 28. cxd4 Qc3 29. Re2 Qxd4 30. Kf2 Ng4+ 0-1

[Event "XXXVII Weekend A"]
[Site "Torino ITA"]
[Date "2011.10.30"]
[Round "3"]
[White "Matta, Francesca"]
[Black "Blundo, Michele"]
[WhiteElo "1887"]
[BlackElo "1712"]
[Result "1-0"]
[PlyCount "71"]
[EventDate "2011.10.29"]

1. d4 d5 2. c4 c6 3. Nf3 Nf6 4. Nc3 e6 5. e3 Be7 6. Bd3 Nbd7 7. cxd5 Nxd5 8. a3
O-O 9. O-O Re8 10. e4 Nxc3 11. bxc3 Qc7 12. Be3 b6 13. e5 Bb7 14. Ng5 Bxg5 15.
Bxg5 c5 16. Qg4 g6 17. Qh4 h5 18. Rfe1 Kg7 19. Qf4 Kg8 20. Bb5 Bc6 21. Bxc6
Qxc6 22. Re3 Qc7 23. Rf3 Nf8 24. Bf6 Kh7 25. Qh4 Nd7 26. g4 Nxf6 27. exf6 Kh6
28. Re1 cxd4 29. cxd4 Rad8 30. Re5 Rd5 31. Rfe3 Qc6 32. f3 Red8 33. gxh5 Rxd4
34. Qg5+ Kh7 35. hxg6+ Kg8 36. gxf7+ 1-0

[Event "XXXVII Weekend A"]
[Site "Torino ITA"]
[Date "2011.10.30"]
[Round "3"]
[White "Zanatta, Aldo"]
[Black "Tondo, Stefano"]
[WhiteElo "1646"]
[BlackElo "1502"]
[Result "0-1"]
[PlyCount "72"]
[EventDate "2011.10.29"]

1. d4 Nf6 2. c4 g6 3. Nc3 d5 4. e3 Bg7 5. Nf3 O-O 6. Bd3 dxc4 7. Bxc4 c6 8. O-O
Nbd7 9. d5 Nb6 10. Bb3 Nbxd5 11. Nxd5 cxd5 12. Nd4 a6 13. a4 Qd6 14. Nf3 Bd7
15. Bd2 Ne4 16. Rb1 Rac8 17. Be1 e6 18. Bc2 Qc6 19. Bxe4 dxe4 20. Nd4 Qxa4 21.
Bc3 e5 22. b3 Qa3 23. Ne2 Bb5 24. Ra1 Bxe2 25. Qxe2 Qxb3 26. Be1 Rc2 27. Qd1
Rfc8 28. Rb1 Qd3 29. Bb4 f5 30. Qe1 Re2 31. Qd1 Rcc2 32. Ra1 f4 33. Be1 fxe3
34. Qb1 Rb2 35. Qc1 Rec2 36. Qd1 e2 0-1

[Event "XXXVII Weekend A"]
[Site "Torino ITA"]
[Date "2011.10.31"]
[Round "4"]
[White "Blundo, Michele"]
[Black "Buffa Sabarino, Pietro"]
[WhiteElo "1712"]
[BlackElo "1539"]
[Result "0-1"]
[PlyCount "60"]
[EventDate "2011.10.29"]

1. d4 Nf6 2. c4 c5 3. d5 e6 4. Nc3 exd5 5. cxd5 d6 6. e4 g6 7. h3 a6 8. Be3 Bg7
9. Nf3 O-O 10. Rc1 Re8 11. Bd3 b5 12. Nd2 Nbd7 13. Bf4 Ne5 14. Bxe5 Rxe5 15.
O-O Bh6 16. f4 Re8 17. g4 Bg7 18. Qf3 Qd7 19. Rce1 Bb7 20. Ne2 Re7 21. Ng3 Ne8
22. b3 Nc7 23. h4 Bc8 24. f5 Bd4+ 25. Kh1 Bc3 26. Re2 Be5 27. Rg2 Bf6 28. g5
Bd4 29. h5 Bb7 30. Qg4 30... Rae8 {...} 0-1

[Event "XXXVII Weekend A"]
[Site "Torino ITA"]
[Date "2011.10.31"]
[Round "4"]
[White "Cacinschi, Alexandru"]
[Black "Tondo, Stefano"]
[WhiteElo "1989"]
[BlackElo "1502"]
[Result "1-0"]
[PlyCount "57"]
[EventDate "2011.10.29"]

1. e4 d5 2. e5 c5 3. c3 Nc6 4. f4 Bf5 5. d3 b5 6. Nf3 e6 7. d4 c4 8. Be2 Be7 9.
O-O a5 10. b3 Rb8 11. Bd2 Qb6 12. Kh1 h6 13. Be1 Kd7 14. Bh4 Bf8 15. Ng1 Nge7
16. Bxe7 Bxe7 17. Bg4 g6 18. Bxf5 gxf5 19. g4 a4 20. gxf5 axb3 21. axb3 exf5
22. Nf3 Ke6 23. Nbd2 Ra8 24. Rxa8 Rxa8 25. bxc4 bxc4 26. Nxc4 Qa6 27. Ne3 Na5
28. Qb1 Ra7 29. Qxf5# 1-0

[Event "XXXVII Weekend A"]
[Site "Torino ITA"]
[Date "2011.10.31"]
[Round "4"]
[White "Cortese, Alessandro"]
[Black "Macheda, Andrea"]
[WhiteElo "2003"]
[BlackElo "1915"]
[Result "0-1"]
[PlyCount "98"]
[EventDate "2011.10.29"]

1. d4 Nf6 2. c4 c5 3. d5 b5 4. cxb5 a6 5. b6 e6 6. Nc3 Nxd5 7. Nxd5 exd5 8.
Qxd5 Nc6 9. Nf3 Rb8 10. Bd2 Be7 11. e4 O-O 12. Bc4 Rxb6 13. Bc3 Nb4 14. Qd2 Bb7
15. Qe2 Qa8 16. a3 d5 17. axb4 dxc4 18. bxc5 Re6 19. e5 Bxc5 20. O-O-O a5 21.
Nd4 Bxd4 22. Rxd4 a4 23. f4 a3 24. bxa3 Qxa3+ 25. Qb2 Qa7 26. Re1 Rb6 27. Qc2
Ra6 28. Rxc4 Bd5 29. Bd4 Qb7 30. Rc7 Qb4 31. Rd1 Ra2 32. Qb1 Qa3+ 33. Bb2 Qe3+
34. Rd2 Be6 35. f5 Bb3 36. Qd3 Qe1+ 37. Rd1 Qxd1+ 38. Qxd1 Bxd1 39. e6 Rxb2 40.
Kxb2 fxe6 41. fxe6 Bg4 42. Re7 Bh5 43. Rc7 Re8 44. Kc3 Rxe6 45. Kd3 Kf8 46. h3
Re7 47. Rc5 Bg6+ 48. Kd2 Kf7 49. g4 Be4 0-1

[Event "XXXVII Weekend A"]
[Site "Torino ITA"]
[Date "2011.10.31"]
[Round "4"]
[White "Davi, Alessandro"]
[Black "Brugnoli, Flavio"]
[WhiteElo "2057"]
[BlackElo "1890"]
[Result "1-0"]
[PlyCount "114"]
[EventDate "2011.10.29"]

1. d4 Nf6 2. Nf3 c5 3. e3 g6 4. g3 Bg7 5. Bg2 O-O 6. O-O d5 7. c3 Nbd7 8. Nbd2
Qc7 9. Re1 b6 10. e4 dxe4 11. Nxe4 Bb7 12. Bf4 Qc8 13. Nxf6+ Bxf6 14. Bh6 Rd8
15. Qb3 c4 16. Qc2 Bd5 17. Re3 Qb7 18. Rae1 e6 19. h4 Rac8 20. Qe2 b5 21. Bh3
Rc6 22. Ng5 Nf8 23. h5 Qe7 24. f4 Bg7 25. Bxg7 Kxg7 26. Qh2 h6 27. Nf3 Qf6 28.
Ne5 Ra6 29. a3 Nd7 30. Ng4 Qf5 31. hxg6 Qxg6 32. Ne5 Nxe5 33. fxe5 f5 34. exf6+
Qxf6 35. Rf1 Qg6 36. Bg2 Rc6 37. Qh4 Qg5 38. Qxg5+ hxg5 39. Re5 Kg6 40. Rfe1
Kf6 41. Kf2 a6 42. g4 Rcd6 43. Rh1 Bxg2 44. Kxg2 Rc8 45. Rh6+ Kg7 46. Rh5 Kf6
47. Rh6+ Kg7 48. Rhxe6 Rcc6 49. Rxg5+ Kf7 50. Rxd6 Rxd6 51. Re5 Rf6 52. Kg3 Rb6
53. Kf4 a5 54. g5 Kg7 55. Kf5 Rb8 56. Re7+ Kf8 57. Ra7 a4 1-0